Pledis Entertainment - Groupes de l'agence - Statistiques

Statistiques générales
  • Ce quiz a été pris 21 fois
  • Le résultat moyen est 3 sur 7
Statistiques - réponses
1ère lettres Groupes % Correct
S Seventeen
91%
T TWS
64%
A After School
36%
F fromis_9
36%
H Hello Venus
27%
N NU'EST
27%
P Pristin
27%
Aucun quiz correspondant
Distribution des résultats
% des personnes avec chaque résultat
Percentile par nombre de réponses
Votre historique - résultats
Vous n’avez pas pris ce quiz